000 00625nam a2200217Ia 4500
005 20250923144554.0
008 008 250917s9999 xx 000 0 eng d
037 _aTextual
040 _aDSWL
_beng
_cDSWL
041 _aeng
_2eng
084 _aT:3(L:5).73, N53
_qDSWL
100 _aKleinscmidt, H.E.
_9826218
245 0 _aPublic health education: Its tools and proced
_cby HE Kleinscmidt.
260 _aNew York
_b Macmillian comp.
_c1953
300 _a302p.
365 _aUSD
_b4.5
700 _aS.Zimand
_9826219
925 _g4.5
942 _cTEXL
_hT:3(L:5).73, N53
999 _c1440654
_d1440654